Guess the Fusion Rock Song Lyrics #168 - Statistics

General Stats
  • This quiz has been taken 20 times
  • The average score is 82 of 133
Answer Stats
Answer % Correct
I
100%
a
94%
And
94%
and
94%
be
94%
the
94%
The
94%
To
88%
to
88%
can
82%
in
82%
it
82%
men
82%
who
82%
will
82%
you
82%
your
76%
know
65%
They
65%
Yeah
65%
heart
59%
ones
59%
their
59%
Rush
53%
Yes
53%
his
47%
Must
47%
must
47%
start
47%
Closer
41%
closer
41%
Each
41%
new
41%
said
41%
into
35%
part
35%
reality
35%
art
29%
artist
29%
high
29%
hold
29%
mold
29%
places
29%
Whoa
29%
blacksmith
24%
forge
24%
ploughmen
24%
Reflect
24%
Well
24%
chart
18%
creativity
18%
Philosophers
18%
Sailing
18%
captain
12%
destiny
12%
draw
12%
mentality
12%
sow
0%
No matching quizzes found
Score Distribution
Percent of People with Each Score
Percentile by Number Answered
Your Score History
You have not taken this quiz